000 00522nam a22001697a 4500
999 _c8439
_d8439
008 201124b ||||| |||| 00| 0 eng d
040 _aBMS College of Architecture
100 _aK, Disha
245 _aCentre for revival of Archaeology Keeladi
300 _a66p.
500 _a1BM14AT033
502 _8B,Arch
_NBMS College of Architecture, Visvesvaraya Technological University
_aProject report
_d2018
650 _aArchaeology
700 _aShilpa Shirish
_eGuide
700 _aSayee Deodhar
_eGuide
942 _2ddc
_cTHE